Statistics for Mal's General Knowledge 14

Click here to take the quiz!

General Stats

  • This quiz has been taken 171 times
  • The average score is 9 of 20

Answer Stats

HintAnswer% Correct
Musically how many notes are in an 'Octave'8
93%
Not including Jokers, how many playing cards in a pack52
92%
What creature is a 'Cygnet'Young Swan
73%
A 'Volcanologist' studies what phenomenonVolcanoes
70%
What is the largest and heaviest animal ever to exist on earthBlue Whale
68%
In Greek Mythology, who was the brother of Zeus and Poseidon, whose realm was the nether worldHades
68%
Which USA State shares a border with only 'ONE' other StateMaine
64%
What items of sports equipment are made by a 'Fletcher'Arrows
54%
What creature carries the 'Yersinia pestis' bacteria that causes bubonic plagueFlea
54%
What name is given to a clock with a face and handsAnalog
47%
What is the capital of 'Angola'Luanda
42%
How many prisoners were released by the storming of the 'Bastille'7
41%
Who was the third astronaut with Armstrong and Aldrin on the first Moon landing voyageMichael Collins
37%
Who painted 'Luncheon of the Boating Party'Pierre-Auguste Renoir
15%
Who wrote 'The Love Song of J. Alfred Prufrock'Thomas Stearns Eliot
13%
Who composed the Opera 'The Bartered Bride'Bedrich Smetana
8%
In which country is the oldest known living tree to be foundNorway
7%
Which Scot started the American car company that became 'General Motors'David Dunbar Buick
4%
What type of tree is the aboveNorway Spruce
3%
Who was the first to claim that the Earth goes round the SunAristarchus of Samos
1%

Score Distribution

Percentile by Number Answered

Percent of People with Each Score

Your Score History

You have not taken this quiz